Statistisk Arsbok '92 Statistical Yearbook of Sweden. Vol. 78

Uložené v:
Podrobná bibliografia
Médium: Kniha
Jazyk:Swedish
Vydavateľské údaje: Örebro Statistiska centralbyran 1991
Tagy: Pridať tag
Žiadne tagy, Buďte prvý, kto otaguje tento záznam!

MARC

LEADER 00000nam a2200000 4500
001 c010382
005 20260327114646.3
020 |a 91-618-0394-4 
041 0 |a swe 
044 |a SE 
245 1 0 |a Statistisk Arsbok '92  |b Statistical Yearbook of Sweden. Vol. 78 
264 1 |a Örebro  |b Statistiska centralbyran  |c 1991 
300 |a 557 s.